000 00631nam a22002177a 4500
003 UA-OsUOA
001 82514
007 ta
008 20120306b un ||||| |||| 00| 0 ukr d
100 _aЛяхович В.
090 _a32
_bЛ98
942 _cSA
040 _aUA-OsUOA
_bukr
_cUA-OsUOA
_dUA-OsUOA
245 _aПолітичний режим "керованиї демократії" в Росії: сучасні виклики трансформаціям
300 _aС.17-20
955 _a0
041 _aukr
080 _a32
773 0 _w82509
_tВіче
_dК.
_d2012
_g4
650 7 _a32 Політика
_2UDC
999 _c368829
_d368829